000
00324nam a2200133Ia 4500
008
230818s2004 xx 000 0 und d
041
_a
eng
100
_a
Lukose
245
_a
Ten Steps to Become an Air Hostess
260
_b
Vijay Lukose Pub.
_c
2004
300
_a
94p
520
_a
General
999
_c
851855
_d
851855
650
_a
Hotel Housekeeping